000 01353cam a22003977a 4500
003 CHAP
005 20220329141858.0
008 980330d1993 mx r 00010 spa d
010 _a75179
011 _a76151
020 _a9706203621
035 _a85728
040 _cCHAP
082 0 4 _a301.35
_bM8
100 0 0 _aMunguía, Miguel Angel.
_979500
245 1 0 _aEstrategias de desarrollo rural :
_bel actuar de organismos civiles
_c/por Miguel Angel Munguía
260 0 _aMéxico, D. F. :
_bUniversidad Autónoma Metropolitana. Unidad Xochimilco,
_c1993.
300 _a129 p. :
_bmapa
410 2 1 _aUAM. Unidad Xochimilco
490 0 _aColección ensayos
590 _aBATCH-UPD
_b10
_c20130110
_lUCH01
_h0618
590 _aBATCH-UPD
_b10
_c20130110
_lUCH01
_h2323
590 _aBATCH-UPD
_b10
_c20130410
_lUCH01
_h0300
590 _aBATCH-UPD
_b10
_c20130914
_lUCH01
_h0809
590 _aCONVERSION
_b10
_c20130109
_lUCH01
_h1341
650 1 4 _aCafeticultores.
_917080
650 1 4 _aDesarrollo rural.
_932067
650 1 4 _aRadio en agricultura.
_993690
650 1 4 _aVeracruz
_xCondiciones rurales.
_9118808
810 0 0 _aUAM. Unidad Xochimilco
_9115982
830 0 _aColección ensayos
_924847
901 _aBK
905 _aLilia Sánchez G.
942 _cLIBRO
949 _a301.35 M8
_bBC
_cLIBRO
_d33724000591814
_eLIBRO
_h92981
_i85728
_kDonaciØn
_sb
999 _c75179
_d75179